000 00753nam a2200241 i 4500
001 77634
003 ES-MaACL
005 20250805062423.0
007 t|
008 041028s2000 sp ||||1| spa d
020 _a84-239-8920-8
080 _a929 Carlos (460) I
080 _a940.21/.23
100 1 _aFernández Álvarez, Manuel,
_d1921-2010
_949458
245 1 0 _aCarlos V
_b: un hombre para Europa /
_cManuel Fernández Alvarez.
250 _aEd. abreviada por el autor.
260 _a[Madrid] :
_bEspasa-Calpe,
_c[2000]
300 _a212 p. :
_bil. ;
_c30 cm.
600 0 4 _aCarlos
_bI,
_cRey de España
_935296
651 _aEuropa-
_xHistoria-
_yS.XVI.
_98612
852 _aES-MaACL
_jL-28379
_bR.134401
999 _c77634
_d77634